000
00236nam a22000857a 4500
008
160820b xxu||||| |||| 00| 0 eng d
100
_9
189
_a
Maanu Graphics
245
_a
Sikhism, Buddhism and Hinduism
260
_a
New Delhi
_b
Maanu Graphics
_c
170
999
_c
2847
_d
2847